000 00694 a2200193 4500
020 _a0821828487
020 _a9780821828489
082 _a516.36
090 _c1224
_d1224
100 1 _aHelgason, Sigurdur.
245 1 0 _aDifferential geometry, lie groups, and symmetric spaces /
_cSigurdur Helgason.
260 _a[S.l.] :
_bAmerican Mathematical Society,
_c2001.
300 _a641 p. ;
_c27 cm.
490 1 _aGraduate studies in mathematics.
700 _aHelgason, Sigurdur.
830 0 _aGraduate studies in mathematics.
942 _aSNS
_cBK
_k516.36 HEL
999 _c29837
_d29837